000
00329nam a22001457a 4500
003
CEME
005
20210628202313.0
008
210302b xxu||||| |||| 00| 0 eng d
040
_c
.
082
_a
0333 WAS
100
_a
G. Ahmed
_9
59250
245
_a
Unique and everliving
260
_a
LAHORE
_b
FEROZ
_c
2002
942
_c
BK
_2
ddc
999
_c
569271
_d
569271